00587nam a2200181 a 450000100060000000300090000600800410001502000150005604000280007108200150009911000360011424500690015026000520021930000110027150500770028265000250035965000210038414668CO-ViMGA141112s2004 ck r 000 u spa d a9589645356 aCO-ViMGAbspacCO-ViMGA04a657.8 C656 aContaduria General de la nacion10aCultura contable publica : bel ciudadano, accionista del estado aBogotá, cPresidencia de la Republica, c2000 a170 p. aControl fiscal Control Politico departamental Corrupcion Gestion estatal14aCONTABILIDAD PUBLICA14aGERENCIA PUBLICA